000
00278nam a2200109Ia 4500
008
200302s9999 xx 000 0 und d
100
_a
Entwurf , Plaunung &Others
245
_a
Reinberg -- Ecological Architecture
260
_b
Springer Wien, NY
260
_c
2008
300
_a
348 P
999
_c
4829
_d
4829